[Event "BCF-chT2 2425 (4NCL)"]
[Site "England"]
[Date "2025.02.16"]
[Round "6.52"]
[White "Taylor, Adam A"]
[Black "Dunn, Maxim"]
[Result "1-0"]
[WhiteElo "2270"]
[BlackElo "1951"]
[PlyCount "130"]
[EventDate "2024.11.23"]
[EventType "team-tourn"]
[EventRounds "11"]
[EventCountry "ENG"]
[SourceTitle "CB14_2025"]
[SourceDate "2024.11.01"]
[SourceVersion "1"]
[SourceVersionDate "2024.11.01"]
[SourceQuality "1"]
[WhiteTeam "Schach Attack"]
[BlackTeam "Iceni"]
[WhiteTeamCountry "ENG"]
[BlackTeamCountry "ENG"]

1. Nf3 d5 2. b3 Bg4 3. e3 Nf6 4. Bb2 c6 5. h3 Bh5 6. d4 Nbd7 7. Nbd2 e6 8. Be2 Bd6 9. Ne5 Bxe2 10. Qxe2 Qc7 11. f4 Ne4 12. Nxe4 dxe4 13. 0-0 0-0 14. c4 Rad8 15. Rad1 f6 16. Nxd7 Qxd7 17. a3 a6 18. Qc2 f5 19. Rd2 Qe7 20. b4 b5 21. Qb3 g5 22. Qc3 gxf4 23. exf4 Kf7 24. d5 cxd5 25. cxd5 Rg8 26. Rfd1 Rg6 27. dxe6+ Rxe6 28. Rd5 e3 29. Qd3 e2 30. Re1 Re4 31. Be5 Bxe5 32. Rxd8 Bd4+ 33. Rxd4 Qa7 34. Rxe2 Qxd4+ 35. Qxd4 Rxd4 36. Rc2 Rxf4 37. Rc6 Rd4 38. Rxa6 Rd3 39. Kf2 Rb3 40. Ke2 f4 41. h4 Kg7 42. Ra5 Kf6 43. Rxb5 Rxa3 44. Rh5 Kg6 45. Rg5+ Kf6 46. b5 h6 47. Rh5 Kg6 48. Rd5 Rb3 49. Rc5 Ra3 50. Re5 Rb3 51. Rd5 Rg3 52. h5+ Kf6 53. Rd6+ Kf5 54. Rg6 Rb3 55. b6 Ke4 56. Kd2 Rb5 57. Rxh6 Rb2+ 58. Kc3 Rxg2 59. Rg6 Rg3+ 60. Kc2 f3 61. Rxg3 f2 62. b7 f1Q 63. b8Q Qe2+ 64. Kb1 Qd1+ 65. Ka2 Kd5 1-0

[Event "BCF-ch"]
[Site "Hull"]
[Date "2024.07.30"]
[Round "4"]
[White "Verma, Shlok"]
[Black "Taylor, Adam A"]
[Result "0-1"]
[WhiteElo "2102"]
[BlackElo "2281"]
[PlyCount "110"]
[EventDate "2024.07.27"]
[EventType "swiss"]
[EventRounds "9"]
[EventCountry "ENG"]
[SourceTitle "CBM 221 Extra"]
[Source "ChessBase"]
[SourceDate "2024.09.30"]
[SourceVersion "1"]
[SourceVersionDate "2024.09.30"]
[SourceQuality "1"]

1. d4 Nf6 2. c4 e6 3. Nf3 Bb4+ 4. Nbd2 b6 5. a3 Bxd2+ 6. Qxd2 Bb7 7. e3 0-0 8. Be2 d6 9. b4 Nbd7 10. 0-0 Ne4 11. Qc2 f5 12. d5 e5 13. Nd2 a5 14. f3 Nxd2 15. Bxd2 c6 16. dxc6 Bxc6 17. Bd3 Qf6 18. e4 fxe4 19. Bxe4 Bxe4 20. Qxe4 Qe6 21. Rfc1 Rfc8 22. Rab1 axb4 23. axb4 Nf6 24. Qd3 d5 25. cxd5 Qxd5 26. Qe3 e4 27. fxe4 Nxe4 28. Be1 b5 29. Rd1 Qf5 30. Rbc1 Rxc1 31. Rxc1 h6 32. Qf3 Qg6 33. Qe2 Qf5 34. Qf3 Qg6 35. Qb3+ Kh8 36. Qd5 Qb6+ 37. Kh1 Rf8 38. Bh4 Qe3 39. Qd1 Rf4 40. Bg3 Rf5 41. Bh4 Qf4 42. g4 Rf8 43. Kg2 h5 44. Bg3 Nxg3 45. hxg3 Qe4+ 46. Kh3 Rf2 47. Rc8+ Kh7 48. Rc5 hxg4+ 49. Kh4 Rh2+ 50. Kg5 Qg6+ 51. Kf4 Rf2+ 52. Ke3 Rf3+ 53. Kd4 Qd6+ 54. Rd5 Qxb4+ 55. Ke5 Qe7+ 0-1

[Event "BCF-chT2 2223 (4NCL)"]
[Site "England"]
[Date "2023.04.30"]
[Round "10.61"]
[White "Crocker, Philip J"]
[Black "Taylor, Adam A"]
[Result "1/2-1/2"]
[WhiteElo "2196"]
[BlackElo "2259"]
[PlyCount "164"]
[EventDate "2022.10.22"]
[EventType "team-tourn"]
[EventRounds "11"]
[EventCountry "ENG"]
[SourceTitle "EXT 2024"]
[Source "ChessBase"]
[SourceDate "2023.10.10"]
[SourceVersion "1"]
[SourceVersionDate "2023.10.10"]
[SourceQuality "1"]
[WhiteTeam "Spirit of Atticus"]
[BlackTeam "North East England"]
[WhiteTeamCountry "ENG"]
[BlackTeamCountry "ENG"]

1. d4 Nf6 2. c4 e6 3. g3 Bb4+ 4. Bd2 Qe7 5. Nf3 0-0 6. Nc3 d6 7. Bg2 Bxc3 8. Bxc3 Ne4 9. Qc2 Nxc3 10. Qxc3 Re8 11. 0-0 e5 12. e3 c6 13. b4 Nd7 14. a4 Nf6 15. b5 Bf5 16. Nd2 c5 17. dxc5 dxc5 18. e4 Bg6 19. f3 Red8 20. Rfd1 Ne8 21. Nf1 Rd4 22. Ne3 Nc7 23. Bh3 Qd6 24. Nd5 Ne6 25. Rf1 Rf8 26. Rae1 h6 27. Qa5 Rxc4 28. Qxa7 Nd4 29. Qxb7 Rxa4 30. b6 Ra2 31. Qc7 Qd8 32. b7 Rb2 33. Bc8 Kh7 34. b8Q Rxb8 35. Qxb8 Qxc8 36. Qxe5 Qa6 37. Qc7 Qd3 38. Qxc5 Rb8 39. Qc3 Ne2+ 40. Rxe2 Qxe2 41. Nf4 Qa2 42. Rf2 Qa6 43. Nxg6 Qxg6 44. Kg2 Qe6 45. Qd3 Rb3 46. Qd4 Ra3 47. f4 Ra2 48. Qd5 Rxf2+ 49. Kxf2 Qb6+ 50. Kf3 Kg8 51. h4 Qa6 52. Qd8+ Kh7 53. Qd1 Qb5 54. Qe2 Qh5+ 55. Kf2 Qc5+ 56. Kg2 h5 57. f5 g6 58. e5 Kg7 59. f6+ Kg8 60. Qe4 Qa5 61. Kf3 Qc3+ 62. Qe3 Qc4 63. Kg2 Qc2+ 64. Kh3 Qf5+ 65. Kg2 Qc2+ 66. Kh1 Qb1+ 67. Kh2 Qc2+ 68. Kg1 Qb1+ 69. Kf2 Qc2+ 70. Qe2 Qc5+ 71. Kg2 Qd5+ 72. Kh2 Kh7 73. Qb2 Qc4 74. Qg2 Qb3 75. Qe2 Qd5 76. Qb2 Qc4 77. Qf2 Qb3 78. Qd2 Qc4 79. Qf4 Qe2+ 80. Kh3 Qe1 81. Kg2 Qe2+ 82. Kg1 Qe1+ 1/2-1/2

[Event "BCF-chT2 2223 (4NCL)"]
[Site "England"]
[Date "2023.04.29"]
[Round "9.61"]
[White "Taylor, Adam A"]
[Black "Price, Gwilym"]
[Result "1-0"]
[WhiteElo "2259"]
[BlackElo "2159"]
[PlyCount "130"]
[EventDate "2022.10.22"]
[EventType "team-tourn"]
[EventRounds "11"]
[EventCountry "ENG"]
[SourceTitle "EXT 2024"]
[Source "ChessBase"]
[SourceDate "2023.10.10"]
[SourceVersion "1"]
[SourceVersionDate "2023.10.10"]
[SourceQuality "1"]
[WhiteTeam "North East England"]
[BlackTeam "The Sharks II"]
[WhiteTeamCountry "ENG"]
[BlackTeamCountry "ENG"]

1. Nf3 Nf6 2. g3 g6 3. Bg2 Bg7 4. 0-0 0-0 5. d4 d6 6. a4 Nbd7 7. a5 d5 8. c4 c6 9. cxd5 cxd5 10. Nc3 Nb8 11. Ne5 e6 12. Bf4 Nh5 13. Be3 Nc6 14. Nxc6 bxc6 15. Qd2 Re8 16. Rfc1 Ba6 17. Na4 Bb5 18. Nc5 e5 19. dxe5 Bxe5 20. Rc2 Nf6 21. Bg5 Qd6 22. Rd1 Nd7 23. Nxd7 Qxd7 24. b3 Rac8 25. Bf3 Bg7 26. Bh6 Bh8 27. Be3 Bg7 28. Kg2 Qf5 29. Bxa7 Bf8 30. Bc5 Bg7 31. Ra2 Ra8 32. Bd4 Bf8 33. Bc3 Bc5 34. Bd4 Bf8 35. h4 Ra6 36. Ba1 Bg7 37. Bxg7 Kxg7 38. Rc1 h5 39. Rc5 Qf6 40. Qb4 Ra7 41. Bxd5 Re5 42. Rxb5 cxb5 43. e4 Qa6 44. Qd4 f6 45. b4 Ree7 46. Rc2 Rac7 47. Rc5 Qa7 48. Qc3 Rxc5 49. bxc5 Qb8 50. c6 Ra7 51. Qc5 Qc7 52. Qb6 Kh7 53. Kf3 Qe7 54. Qb8 Qg7 55. Qxb5 Qe7 56. Qb8 Qg7 57. Qd8 Rc7 58. a6 g5 59. Qe8 Kh6 60. hxg5+ Kxg5 61. Qd8 Kh6 62. Qd6 Qg4+ 63. Kg2 Qg7 64. Be6 Ra7 65. Bf5 Qe7 1-0

[Event "GBR-ch 108th"]
[Site "Torquay"]
[Date "2022.08.21"]
[Round "9"]
[White "Taylor, Adam A"]
[Black "Wells, Peter K"]
[Result "1-0"]
[WhiteElo "2204"]
[BlackElo "2396"]
[PlyCount "73"]
[EventDate "2022.08.13"]
[EventType "swiss"]
[EventRounds "9"]
[EventCountry "ENG"]
[SourceTitle "CBM 209 Extra"]
[Source "ChessBase"]
[SourceDate "2022.09.30"]
[SourceVersion "1"]
[SourceVersionDate "2022.09.30"]
[SourceQuality "1"]

1. Nf3 c5 2. g3 Nc6 3. Bg2 g6 4. c4 Bg7 5. Nc3 d6 6. 0-0 e6 7. a3 Nge7 8. Rb1 b6 9. b4 Bb7 10. Na4 Rb8 11. Qb3 0-0 12. Bb2 e5 13. e3 Qd7 14. Rfd1 Nf5 15. Nc3 Nce7 16. Ne2 h6 17. Ne1 Bxg2 18. Nxg2 Nc6 19. Bc3 cxb4 20. axb4 b5 21. d3 Rfc8 22. Qa2 Qe6 23. e4 Nfe7 24. Ne3 f5 25. f3 h5 26. Nd5 Kh8 27. Nxe7 Nxe7 28. Qxa7 bxc4 29. dxc4 Qxc4 30. Rb2 Nc6 31. Qe3 fxe4 32. Qxe4 Qe6 33. Nf4 Qd7 34. Nxg6+ Kg8 35. Kg2 Kf7 36. Nxe5+ Nxe5 37. Bxe5 1-0

[Event "GBR-ch 108th"]
[Site "Torquay"]
[Date "2022.08.15"]
[Round "3"]
[White "Taylor, Adam A"]
[Black "Hebden, Mark"]
[Result "1/2-1/2"]
[WhiteElo "2204"]
[BlackElo "2476"]
[PlyCount "140"]
[EventDate "2022.08.13"]
[EventType "swiss"]
[EventRounds "9"]
[EventCountry "ENG"]
[SourceTitle "CBM 209 Extra"]
[Source "ChessBase"]
[SourceDate "2022.09.30"]
[SourceVersion "1"]
[SourceVersionDate "2022.09.30"]
[SourceQuality "1"]

1. Nf3 Nf6 2. g3 g6 3. Bg2 Bg7 4. 0-0 0-0 5. d4 c6 6. b3 d5 7. Bb2 a5 8. Nbd2 a4 9. c4 Bf5 10. Nh4 Be6 11. e3 Na6 12. Qe2 Qd7 13. Rfd1 Bg4 14. f3 Bh3 15. e4 Bxg2 16. Nxg2 dxe4 17. Nxe4 Nxe4 18. Qxe4 Rfd8 19. Ne3 Qc7 20. Kg2 e6 21. Bc3 c5 22. Nc2 Rd7 23. Qe3 Rad8 24. d5 exd5 25. Bxg7 Kxg7 26. cxd5 Rxd5 27. Qc3+ Kg8 28. Rxd5 Rxd5 29. Ne3 Rd4 30. Re1 Nb4 31. Ng4 Nd3 32. Re3 Qd6 33. Re8+ Kg7 34. Ne3 axb3 35. axb3 Ne5 36. Nc4 Nxc4 37. bxc4 Qf6 38. Re2 h5 39. h4 b6 40. Re8 Rd6 41. Qxf6+ Kxf6 42. Kf2 Kf5 43. Rf8 f6 44. Ke3 Rd4 45. Rb8 Rxc4 46. Rxb6 Rc3+ 47. Kf2 Ke5 48. Rc6 c4 49. Ke2 Rc1 50. Ke3 c3 51. Kd3 g5 52. hxg5 fxg5 53. Rc5+ Kf6 54. Rc6+ Kf7 55. Rc7+ Ke6 56. Rc6+ Ke7 57. Rg6 Rd1+ 58. Kxc3 Rd5 59. Kc4 Rf5 60. f4 gxf4 61. gxf4 Kf7 62. Ra6 Rxf4+ 63. Kd3 Kg7 64. Ke3 Rf1 65. Ke2 Rf5 66. Ke3 Rf8 67. Rb6 h4 68. Rb4 Rh8 69. Kf3 h3 70. Rb1 Kg6 1/2-1/2

[Event "GBR-ch 108th"]
[Site "Torquay"]
[Date "2022.08.14"]
[Round "2"]
[White "Wadsworth, Matthew J"]
[Black "Taylor, Adam A"]
[Result "1/2-1/2"]
[WhiteElo "2418"]
[BlackElo "2204"]
[PlyCount "163"]
[EventDate "2022.08.13"]
[EventType "swiss"]
[EventRounds "9"]
[EventCountry "ENG"]
[SourceTitle "CBM 209 Extra"]
[Source "ChessBase"]
[SourceDate "2022.09.30"]
[SourceVersion "1"]
[SourceVersionDate "2022.09.30"]
[SourceQuality "1"]

1. Nf3 c5 2. b3 Nc6 3. Bb2 d5 4. e3 Nf6 5. Bb5 Bd7 6. 0-0 e6 7. Bxc6 Bxc6 8. Ne5 Qc7 9. d3 Nd7 10. f4 Nxe5 11. fxe5 h5 12. Nd2 g5 13. Qe2 0-0-0 14. Rf2 g4 15. d4 Kb8 16. Raf1 Be8 17. c3 Rg8 18. Qd3 g3 19. Rf3 gxh2+ 20. Kh1 Rg4 21. Qe2 a6 22. Qf2 Qe7 23. Rh3 Qg5 24. Nf3 Qg6 25. Nxh2 Rg5 26. Qf6 Qxf6 27. Rxf6 Bg7 28. Rf4 Bh6 29. Rf2 Rg7 30. Ba3 cxd4 31. exd4 Bg5 32. Rxh5 Rc8 33. Rh8 Bd7 34. Bd6+ Ka7 35. Rxc8 Bxc8 36. Rf3 Bc1 37. Bf8 Rh7 38. Kg1 Bb2 39. Ng4 a5 40. Nf6 Rh8 41. Bg7 Rd8 42. Bh6 b5 43. Bd2 Ba6 44. Ng4 b4 45. cxb4 Bxd4+ 46. Be3 Bxe3+ 47. Nxe3 axb4 48. Rxf7+ Kb6 49. Re7 Kc5 50. Rxe6 Bd3 51. Rd6 Rxd6 52. exd6 Kxd6 53. Kf2 Ke5 54. Ke1 Ke4 55. Kd2 Bb1 56. Nf1 Kf4 57. Ke2 d4 58. Nd2 Bc2 59. Kf2 Bd3 60. Nf3 Bb1 61. Nd2 Bd3 62. Nc4 Bc2 63. g3+ Ke4 64. Ke2 Bd3+ 65. Kd2 Bb1 66. a4 bxa3 67. Nxa3 Ba2 68. b4 Be6 69. b5 Kd5 70. b6 Kc6 71. Kd3 Kxb6 72. Kxd4 Kc6 73. Ke5 Bg4 74. Nc4 Kd7 75. Kf6 Be2 76. Ne3 Ke8 77. Nf5 Kf8 78. Nd4 Bd1 79. Ke5 Kg7 80. Kf4 Kf6 81. Nf3 Bxf3 82. Kxf3 1/2-1/2

[Event "GBR-ch 108th"]
[Site "Torquay"]
[Date "2022.08.13"]
[Round "1"]
[White "Taylor, Adam A"]
[Black "Clarke, Brandon GI"]
[Result "1/2-1/2"]
[WhiteElo "2204"]
[BlackElo "2474"]
[PlyCount "61"]
[EventDate "2022.08.13"]
[EventType "swiss"]
[EventRounds "9"]
[EventCountry "ENG"]
[SourceTitle "CBM 209 Extra"]
[Source "ChessBase"]
[SourceDate "2022.09.30"]
[SourceVersion "1"]
[SourceVersionDate "2022.09.30"]
[SourceQuality "1"]

1. Nf3 d5 2. c4 d4 3. b4 c5 4. bxc5 Nf6 5. g3 Nc6 6. Bg2 e5 7. d3 Bxc5 8. 0-0 0-0 9. Ba3 Nd7 10. Nfd2 Bxa3 11. Nxa3 Qe7 12. Nb5 Nc5 13. Nb3 Ne6 14. Qc1 a6 15. Na3 Rd8 16. c5 a5 17. Nb5 a4 18. Nd2 Qxc5 19. Qxc5 Nxc5 20. Rfc1 Ne6 21. Rab1 Na5 22. Rb4 Nc6 23. Rbb1 Kf8 24. Nc4 Ke7 25. Nb6 Ra6 26. Na3 Ra7 27. Nb5 Ra5 28. Na3 Ra7 29. Nb5 Ra6 30. Na3 Ra7 31. Nb5 1/2-1/2

[Event "BCF-chT 2122 (4NCL)"]
[Site "England"]
[Date "2022.05.02"]
[Round "9.91"]
[White "Kanellopoulos, Panayotis"]
[Black "Taylor, Adam A"]
[Result "1/2-1/2"]
[WhiteElo "2266"]
[BlackElo "2188"]
[PlyCount "111"]
[EventDate "2021.11.27"]
[EventType "team-swiss"]
[EventRounds "11"]
[EventCountry "ENG"]
[SourceTitle "EXT 2023"]
[Source "ChessBase"]
[SourceDate "2022.10.05"]
[SourceVersion "1"]
[SourceVersionDate "2022.10.05"]
[SourceQuality "1"]
[WhiteTeam "Anglian Avengers"]
[BlackTeam "North East England"]
[WhiteTeamCountry "ENG"]
[BlackTeamCountry "ENG"]

1. c4 c5 2. g3 Nc6 3. Bg2 g6 4. Nc3 Bg7 5. Nf3 e6 6. d4 cxd4 7. Nb5 d5 8. cxd5 exd5 9. 0-0 Nge7 10. Nbxd4 0-0 11. Be3 Re8 12. Re1 Bd7 13. Qd2 a6 14. Rad1 Qc7 15. b3 Rad8 16. Rc1 Qd6 17. Nxc6 Bxc6 18. Bc5 Qf6 19. Bd4 Qd6 20. Bxg7 Kxg7 21. Nd4 Bd7 22. Red1 Rc8 23. Nc2 Qf6 24. Ne3 Rxc1 25. Rxc1 Bc6 26. Ng4 Qe6 27. Qd4+ f6 28. Ne3 Nf5 29. Nxf5+ Qxf5 30. e3 Re7 31. h4 Qe5 32. Qd2 Rd7 33. Rd1 Qe7 34. Qb2 Qe5 35. Rd4 Qf5 36. Qd2 Qe6 37. Bf3 Qf7 38. Bg4 Re7 39. Bf3 Rd7 40. a4 Kh8 41. a5 Kg7 42. Kg2 Kf8 43. Qc3 Qe7 44. b4 Kg7 45. Qd2 Qf7 46. Kg1 Kf8 47. Qc3 Qe7 48. g4 Kg7 49. Qd2 Qf7 50. Rf4 Qe7 51. Rd4 Qf7 52. Qc3 Qe7 53. Kg2 Qe6 54. g5 Qe5 55. gxf6+ Qxf6 56. Qc5 1/2-1/2

[Event "BCF-chT 2122 (4NCL)"]
[Site "England"]
[Date "2022.02.13"]
[Round "4.101"]
[White "Taylor, Adam A"]
[Black "Gallana, Marco"]
[Result "1-0"]
[WhiteElo "2188"]
[BlackElo "2277"]
[PlyCount "79"]
[EventDate "2021.11.27"]
[EventType "team-swiss"]
[EventRounds "11"]
[EventCountry "ENG"]
[SourceTitle "EXT 2023"]
[Source "ChessBase"]
[SourceDate "2022.10.05"]
[SourceVersion "1"]
[SourceVersionDate "2022.10.05"]
[SourceQuality "1"]
[WhiteTeam "North East England"]
[BlackTeam "Celtic Tigers"]
[WhiteTeamCountry "ENG"]
[BlackTeamCountry "ENG"]

1. Nf3 Nf6 2. g3 g6 3. Bg2 Bg7 4. 0-0 d5 5. d4 0-0 6. c4 c6 7. cxd5 cxd5 8. Nc3 e6 9. Bf4 Bd7 10. Qd3 Qe7 11. Rfc1 Rd8 12. a3 Be8 13. b4 Nc6 14. Ne5 Nxe5 15. Bxe5 Bh6 16. Bxf6 Qxf6 17. e3 Bf8 18. Rc2 a6 19. Rac1 a5 20. b5 a4 21. Bf1 Qg7 22. Na2 Bd6 23. Nb4 Qf8 24. Qd2 Bd7 25. Kg2 Qe8 26. b6 Bb5 27. Bd3 Bxd3 28. Qxd3 Ra5 29. Rb2 Kg7 30. Qc3 Rb5 31. Nd3 Rxb2 32. Qxb2 Rc8 33. Nc5 Qe7 34. Qb5 Rc6 35. Rc3 e5 36. Nxa4 exd4 37. Rxc6 bxc6 38. Qxc6 dxe3 39. Qc3+ Kf8 40. Qh8# 1-0

[Event "BCF-chT 2122 (4NCL)"]
[Site "England"]
[Date "2022.02.12"]
[Round "3.51"]
[White "Jones, Gawain C B"]
[Black "Taylor, Adam A"]
[Result "1-0"]
[WhiteElo "2671"]
[BlackElo "2188"]
[PlyCount "65"]
[EventDate "2021.11.27"]
[EventType "team-swiss"]
[EventRounds "11"]
[EventCountry "ENG"]
[SourceTitle "EXT 2023"]
[Source "ChessBase"]
[SourceDate "2022.10.05"]
[SourceVersion "1"]
[SourceVersionDate "2022.10.05"]
[SourceQuality "1"]
[WhiteTeam "Chessable White Rose"]
[BlackTeam "North East England"]
[WhiteTeamCountry "ENG"]
[BlackTeamCountry "ENG"]

1. e4 c5 2. Nf3 Nc6 3. c3 e6 4. d4 d5 5. e5 Bd7 6. Be2 Nh6 7. 0-0 cxd4 8. Bxh6 gxh6 9. cxd4 Bg7 10. Re1 f6 11. Bb5 0-0 12. Nc3 Be8 13. Qd2 Bh5 14. Bxc6 Bxf3 15. Bxb7 Rb8 16. Ba6 Bh5 17. Be2 Bg6 18. Bg4 Qb6 19. Na4 Qb4 20. Bxe6+ Kh8 21. Qxb4 Rxb4 22. Bd7 fxe5 23. dxe5 Be8 24. Bxe8 Rxe8 25. Nc5 Rxb2 26. f4 h5 27. Nd3 Rd2 28. Rad1 Rxa2 29. Nb4 Rb2 30. Nxd5 a5 31. e6 Rg8 32. e7 Bd4+ 33. Kh1 1-0

[Event "BCF-chT2a 1920 (4NCL)"]
[Site "Daventry"]
[Date "2020.01.12"]
[Round "4.22"]
[White "Cumming, Rhys"]
[Black "Taylor, Adam A"]
[Result "1/2-1/2"]
[WhiteElo "2289"]
[BlackElo "2179"]
[PlyCount "69"]
[EventDate "2020.01.11"]
[EventType "team-tourn"]
[EventRounds "11"]
[EventCountry "ENG"]
[SourceTitle "CBM 194 Extra"]
[Source "ChessBase"]
[SourceDate "2020.03.31"]
[SourceVersion "1"]
[SourceVersionDate "2020.03.31"]
[SourceQuality "1"]
[WhiteTeam "Sussex Martlets"]
[BlackTeam "North East England"]
[WhiteTeamCountry "ENG"]
[BlackTeamCountry "ENG"]

1. e4 c5 2. Nf3 Nc6 3. Bb5 g6 4. Bxc6 dxc6 5. d3 Bg7 6. h3 Nf6 7. Nc3 Nd7 8. Be3 b6 9. Qd2 h6 10. 0-0 e5 11. Nh2 Nf8 12. f4 exf4 13. Bxf4 Ne6 14. Bg3 Qg5 15. Qe1 Nd4 16. Qf2 0-0 17. Bd6 Nf5 18. Nf3 Nxd6 19. Nxg5 Bd4 20. Nf3 Bxf2+ 21. Rxf2 Be6 22. a3 Kg7 23. Kh2 f5 24. b4 fxe4 25. Nxe4 Nxe4 26. dxe4 cxb4 27. axb4 Rfd8 28. c3 Rd3 29. Nd4 Bg8 30. Ra3 c5 31. bxc5 bxc5 32. Nc6 a5 33. Nxa5 Re3 34. Nc4 Rxa3 35. Nxa3 1/2-1/2